000 00542nam a22001937a 4500
005 20220803151141.0
008 220803b ||||| |||| 00| 0 eng d
040 _cAL
041 _aEnglish
082 _223
_a331.880
_bTAFS
100 _aPhilip Taft
_954667
245 _aStructure and Government of Labor Unions
260 _aCambridge
_bHarvard University Press
_c1956
300 _axix,312 p.
_bHB
_c24x16 cm.
650 _aLabor unions
_954668
650 _aUnited States
_954669
700 _aTAFT (Philip)
_954670
942 _2ddc
_cGF
999 _c224424
_d224424